| 000 | 00366 a2200133 4500 | ||
|---|---|---|---|
| 082 | _a297.0904 | ||
| 090 |
_c4582 _d4582 |
||
| 100 | _a S. Hossein Nasr | ||
| 245 |
_aIslam and the Plight of Modern Man _c S. Hossein Nasr |
||
| 260 |
_aIslamabad: _bSuhail Academy, _c1994. |
||
| 300 |
_axii, 161 p. ; _c24 cm. |
||
| 650 | _aIslam--20th century. | ||
| 942 |
_cBK _k297.0904 HOS |
||
| 999 |
_c8471 _d8471 |
||